Suki Waterhouse - Blessed lyrics - Statistics

General Stats
  • This quiz has been taken 2 times
  • The average score is 192 of 234
Answer Stats
Hint Answer % Correct
A
100%
a
100%
And
100%
and
100%
Verse 2 Another
100%
another
100%
are
100%
be
100%
Chorus Blessed
100%
break
100%
child
100%
could
100%
couldn't
100%
Did
100%
don't
100%
everything
100%
find
100%
for
100%
free
100%
Pre-Chorus | Verse 1 I
100%
in
100%
knew
100%
know
100%
little
100%
me
100%
miracle
100%
no
100%
of
100%
place
100%
question
100%
really
100%
remorse
100%
shed
100%
so
100%
some
100%
something
100%
tear
100%
that
100%
the
100%
them,
100%
them
100%
Then
100%
They
100%
they
100%
things
100%
think
100%
think?
100%
to
100%
To
100%
told
100%
try?
100%
used
100%
want
100%
Want
100%
was
100%
When
100%
who
100%
worth
100%
you
100%
after
50%
all
50%
all,
50%
broke
50%
but
50%
cares
50%
'em
50%
father
50%
fly
50%
grow
50%
heart
50%
if
50%
keep
50%
missing
50%
need
50%
on
50%
others
50%
promise
50%
Outro Put
50%
still
50%
Still
50%
time
50%
wasn't
50%
wasted
50%
what
50%
where
50%
wings
50%
your
50%
around
0%
belong?
0%
charge
0%
flail
0%
forced
0%
How
0%
link
0%
mothering
0%
needs
0%
night,
0%
Oh,
0%
once,
0%
once
0%
reign
0%
thought
0%
wanted
0%
wildness
0%
wouldn't
0%
No matching quizzes found
Score Distribution
Percent of People with Each Score
Percentile by Number Answered
Your Score History
You have not taken this quiz